01438nam a22003857a 4500003000500000005001700005008004100022010000900063011000900072035000900081040000900090082001500099111009900114245001300213260008700226300001000313490003400323500001100357590004100368590004100409590004100450590004100491590004200532650003000574650003200604650003100636700002800667710008500695830004100780901000700821942001000828949006400838999001500902952013500917CHAP20220817041025.0971013s1991 r 10010 d a4824 a5796 a5012 cCHAP a633.34bS400aSeminario sobre Mejoramiento Genético de Soja (d1988c: Marcos Juárez, Córdoba)9104324 aTrabajos aMontevideo :bInstituto Interamericano de Cooperación para la Agricultura,c1991 a78 p. aDiálogo/IICA-PROCISURv; 31 a54-207 aBATCH-UPDb10c20130110lUCH01h0211 aBATCH-UPDb10c20130110lUCH01h1604 aBATCH-UPDb10c20130410lUCH01h1001 aBATCH-UPDb10c20130914lUCH01h1947 aCONVERSIONb10c20130109lUCH01h130414aSoyaxGenética.910905414aSoyaxMejoramiento.910906914aSoyaxRendimiento.91090840 aPuignau, Juan P.9929610 aPrograma Cooperativo para el Desarrollo Tecnológico Agropecuario del Cono Sur.0 aDiálogo/IICA-PROCISURv; 31932637 aBK cLIBRO a633.34 S4bBCcLIBROd33724000217303eLIBROh81633i5012si c4824d4824 00102ddc4052708GRALaBCbBCcPP_GRALd2019-12-31fLIBROl0o633.34 S4p33724000217303r2019-12-31 00:00:00w2019-12-31yLIBRO